000 00955nam a2200241Ia 4500
003 OSt
005 20251202110235.0
008 210716s2016 xx 000 0 und d
020 _a9781784390846
040 _cAIMIT LIBRARY
041 _aeng
082 _a006.32
_21
_bBALR
100 _aBali, Raghav.
_9247241
245 _aR machine learning by example :
_bunderstand the fundamentals of machine learning with R and build your own dynamic algorithms to tackle complicated real world problems sucessfully /
_cBy Raghav Bali and Dipanjan Sarkar.
250 _a1st ed.
260 _aMumbai :
_bPackt Publishing Ltd ,
_c2016.
300 _axii,318p. ;
_bPB
_c24 cm
650 _aBuilding a product recommendation system
_9247242
650 _aCredit risk detection and predicition- predictive analytics
_9247243
650 _aSentiment analysis of twitter data
_9247244
700 _aSarkar, Dipanjan.
_9247245
942 _2ddc
_cBK
_e1st
_k006.32 BALR
999 _c196247
_d196247